00870nam a22002177a 450000500170000001000150001702000260003203500140005803700090007208200140008124501330009525000060022826000360023427000820027030000210035270000380037370000410041194200280045299900190048095201530049920240905120632.0 aENG-141652 a9788178243634c495.00 aEN-125184 bDBAD a320.5421 aEcological Nationalisms:bNature, Livelihoods and Identities in South Asia/cEdited By Gunnel Cederlof [and] K. Sivaramakrishnan a1 aRanikhetbPermanent Blackc2012 a'Himalyana' , Mall Road, Ranikhet CanttbRanikhete263645mperblack@gmail.com a399p.c21cm.(pb) aCederlof , Gunnel eEditor971114 aSivaramakrishnan, K. eEditor971115 2ddccENh320.54mNATe1 c205590d205590 001040708NFICaLbLd2024-09-05eDelivery of Books Act Divisiong495.00l0o320.54 NATpEN-125184r2024-09-05 00:00:00t1v495.00w2024-09-05yEN